NFL Starting Quarterbacks of the 2020's - Statistics

General Stats
  • This quiz has been taken 867 times
    552 since last reset
  • The average score is 75 of 138
Answer Stats
Hint Answer Games Started % Correct
Arizona Cardinals Kyler Murray 41
96%
Detroit Lions Jared Goff 39
89%
Jared Goff 15
89%
Green Bay Packers Aaron Rodgers 49
88%
Aaron Rodgers 1
88%
Matthew Stafford 16
88%
Los Angeles Rams Matthew Stafford 35
88%
Denver Broncos Russell Wilson 24
88%
Seattle Seahawks Russell Wilson 30
88%
Baltimore Ravens Lamar Jackson 48
87%
New York Jets Zach Wilson 28
87%
Buffalo Bills Josh Allen 59
86%
Brandon Allen 6
84%
Kyle Allen 2
84%
Kyle Allen 4
84%
Kansas City Chiefs Patrick Mahomes 58
84%
New York Giants Daniel Jones 47
83%
Las Vegas Raiders Derek Carr 48
83%
Derek Carr 9
83%
Minnesota Vikings Kirk Cousins 58
83%
New England Patriots Mac Jones 40
83%
Baker Mayfield 6
82%
Cleveland Browns Baker Mayfield 30
82%
Baker Mayfield 4
82%
Baker Mayfield 8
82%
Dallas Cowboys Dak Prescott 40
82%
Cincinnati Bengals Joe Burrow 50
82%
Atlanta Falcons Matt Ryan 33
82%
Matt Ryan 12
82%
Tampa Bay Buccaneers Tom Brady 50
81%
Jordan Love 8
79%
Chicago Bears Justin Fields 33
79%
Deshaun Watson 12
78%
Deshaun Watson 16
78%
Miami Dolphins Tua Tagovailoa 43
78%
Philadelphia Eagles Jalen Hurts 43
75%
Jimmy Garoppolo 6
75%
San Francisco 49ers Jimmy Garoppolo 31
75%
Jacksonville Jaguars Trevor Lawrence 43
75%
Los Angeles Chargers Justin Herbert 57
74%
Alex Smith 6
73%
Geno Smith 28
73%
Brock Purdy 14
72%
CJ Stroud 7
72%
Bryce Young 6
71%
Indianapolis Colts Carson Wentz 17
70%
Carson Wentz 12
70%
Carson Wentz 7
70%
Tennessee Titans Ryan Tannehill 51
70%
Pittsburgh Steelers Ben Roethlisberger 31
69%
Andy Dalton 1
68%
Andy Dalton 6
68%
Andy Dalton 9
68%
New Orleans Saints Andy Dalton 14
68%
Drew Brees 12
68%
Kenny Pickett 20
68%
Jameis Winston 10
67%
Carolina Panthers Sam Darnold 17
67%
Sam Darnold 12
67%
Joe Flacco 9
66%
Desmond Ridder 13
64%
Cam Newton 5
63%
Cam Newton 15
63%
Gardner Minshew 4
62%
Gardner Minshew II 5
62%
Gardner Minshew II 8
62%
Anthony Richardson 4
61%
Houston Texans Davis Mills 26
61%
Josh Dobbs 9
61%
Josh Dobbs 2
61%
Tyler Huntley 8
59%
Mitch Trubisky 9
58%
Mitch Trubisky 5
58%
Phillip Rivers 16
58%
Drew Lock 16
56%
Marcus Mariota 13
55%
Tyrod Taylor 6
54%
Tyrod Taylor 1
54%
Tyrod Taylor 4
54%
Will Levis 1
53%
Jacoby Brissett 11
52%
Jacoby Brissett 5
52%
Trey Lance 4
51%
Teddy Bridgewater 15
50%
Teddy Bridgewater 14
50%
Teddy Bridgewater 2
50%
Ryan Fitzpatrick 7
48%
Ryan Fitzpatrick 1
48%
Washington Football Team Taylor Heinicke 24
48%
Cooper Rush 6
47%
Nick Foles 8
45%
Nick Foles 2
45%
Bailey Zappe 2
43%
Mason Rudolph 2
43%
Sam Howell 10
43%
Taysom Hill 9
40%
Anthony Brown 1
38%
Chad Henne 1
38%
Aidan O’Connell 1
37%
Josh Johnson 1
37%
Malik Willis 3
34%
Skylar Thompson 2
34%
Mike White 7
33%
Colt McCoy 6
29%
Colt McCoy 2
29%
Case Keenum 2
28%
Nick Mullens 1
28%
Nick Mullens 8
28%
Robert Griffin III 1
27%
Dwayne Haskins 6
26%
PJ Walker 7
26%
PJ Walker 2
26%
Brian Hoyer 2
21%
Brian Hoyer 2
21%
Trevor Siemian 1
21%
Trevor Siemian 4
21%
Tyson Bagent 2
21%
Jarrett Stidham 2
20%
Ben DiNucci 1
17%
Mike Glennon 5
17%
Mike Glennon 4
17%
Trace McSorley 1
17%
CJ Beathard 2
15%
Tim Boyle 3
14%
John Wolford 4
11%
Sam Ehlinger 3
11%
Brett Rypien 3
10%
David Blough 2
8%
Ian Book 1
8%
Jeff Driskel 1
8%
Garrett Gilbert 1
7%
Garrett Gilbert 1
7%
Sean Mannion 1
7%
Jake Fromm 2
6%
Kendall Hinton 1
6%
Ryan Finley 1
6%
Jake Luton 3
4%
Bryce Perkins 1
3%
No matching quizzes found
Score Distribution
Percent of People with Each Score
Percentile by Number Answered
Your Score History
You have not taken this quiz since the last reset